000 01023cab a2200193 4500
001 L136716
008 070219n2007 000 0 eng u
035 _a(Sirsi) u136716
041 0 _aeng
110 2 _aGVA Grimley
_93646
245 0 0 _aBricks and mortar automotive bulletin
_h[electronic resource]
260 _aLondon
_bGVA Grimley LLP
_c2007
520 _aBi-annual publication on the automotive property market. Covers recent pressures affecting the automotive industry and how these relate to property, including opportunities and risks for the sector to their property assets. Discusses falling take-up trends and build costs. Looks again at the continued appeal of the sector to investors, despite the continued consolidation within the UK car retailing industry.
590 _aKA
651 4 _aUnited Kingdom
_y
690 _aPROPERTY-COMMERCIAL PROPERTY-COMMERCIAL PROPERTY MARKET
856 4 0 _uhttps://www.gvagrimley.co.uk/x4194.xml
_zView the bulletin free of charge at www.gvagrimley.co.uk...
942 _n0
999 _c78411
_d78411